ბათუმის შოთა რუსთაველის სახელმწიფო უნივერსიტეტის ბიბლიოთეკა

ხილ-ბოსტნეულის ჯიშთმცოდნეობა (ბიბ.ჩანაწერი № 44600)

000 -LEADER
fixed length control field 00769nam a2200217Ia 4500
001 - CONTROL NUMBER
control field 11403
003 - CONTROL NUMBER IDENTIFIER
control field GE_BSU
008 - FIXED-LENGTH DATA ELEMENTS--GENERAL INFORMATION
fixed length control field 181216s||||||||xx |||||||||||||| ||und||
040 ## - CATALOGING SOURCE
Transcribing agency GE_BSU
080 ## - UNIVERSAL DECIMAL CLASSIFICATION NUMBER
Universal Decimal Classification number 634.1/7
100 ## - MAIN ENTRY--PERSONAL NAME
Personal name ბ. ივანოვი, პ. კაჭარავა, გ. კვაჭაძე
245 ## - TITLE STATEMENT
Title ხილ-ბოსტნეულის ჯიშთმცოდნეობა
245 ## - TITLE STATEMENT
Statement of responsibility, etc. რედ: გ. კვაჭაძე
260 ## - PUBLICATION, DISTRIBUTION, ETC.
Place of publication, distribution, etc. თბილისი.
260 ## - PUBLICATION, DISTRIBUTION, ETC.
Name of publisher, distributor, etc. სას-სამ. ინ-ტის გამ-ბა
260 ## - PUBLICATION, DISTRIBUTION, ETC.
Date of publication, distribution, etc. 1955
300 ## - PHYSICAL DESCRIPTION
Extent 574გვ.24სმ.
300 ## - PHYSICAL DESCRIPTION
Accompanying material ცხრილები
653 ## - INDEX TERM--UNCONTROLLED
Uncontrolled term ხილ-ბოსტნეულის ჯიშთმცოდნეობა
942 ## - ADDED ENTRY ELEMENTS (KOHA)
Koha item type წიგნი
ეგზემპლარები
Withdrawn status Lost status Damaged status Not for loan Date acquired Barcode Date last seen Price effective from Koha item type
        2018-12-17 19989 2018-12-17 2018-12-17 წიგნი
        2018-12-17 19990 2018-12-17 2018-12-17 წიგნი
        2018-12-17 19991 2018-12-17 2018-12-17 წიგნი
        2018-12-17 19992 2018-12-17 2018-12-17 წიგნი
        2018-12-17 19993 2018-12-17 2018-12-17 წიგნი
        2018-12-17 19994 2018-12-17 2018-12-17 წიგნი
        2018-12-17 19995 2018-12-17 2018-12-17 წიგნი
        2018-12-17 19996 2018-12-17 2018-12-17 წიგნი
        2018-12-17 19997 2018-12-17 2018-12-17 წიგნი
        2018-12-17 19998 2018-12-17 2018-12-17 წიგნი
        2018-12-17 19999 2018-12-17 2018-12-17 წიგნი
        2018-12-17 20000 2018-12-17 2018-12-17 წიგნი
        2018-12-17 20001 2018-12-17 2018-12-17 წიგნი